[Event "Titled Tue 24th Jun Early"]
[Site "chess.com INT"]
[Date "2025.06.24"]
[Round "6"]
[White "Mecit, Emre"]
[Black "Bratovic, Blaz"]
[Result "0-1"]
[BlackTitle "IM"]
[WhiteElo "2007"]
[BlackElo "2319"]
[WhiteFideId "6304214"]
[BlackFideId "14603551"]
[EventDate "2025.06.24"]

1. e4 c5 2. Nf3 d6 3. d4 cxd4 4. Nxd4 Nf6 5. Nc3 a6 6. Bg5 e6 7. f4 Be7 8. Qf3
Qc7 9. O-O-O Nbd7 10. Bd3 b5 11. Rhe1 Bb7 12. Qg3 b4 13. Nd5 exd5 14. exd5 Kd8
15. Qe3 Nc5 16. Nf5 Re8 17. Nxg7 Nxd5 18. Nxe8 Nxe3 19. Nxc7 Bxg5 20. fxg5 Nxd1
21. Nxa8 Nf2 22. Nb6 Nfxd3+ 23. cxd3 Nxd3+ 24. Kd2 Nxe1 25. Kxe1 Bxg2 26. Kf2
Be4 27. Ke3 Bb1 28. a3 bxa3 29. bxa3 Kc7 30. Nd5+ Kc6 31. Nf6 Kc5 32. h4 Bf5 33.
h5 d5 34. Kf4 Bc2 35. Nd7+ Kd6 36. Ne5 Ke6 37. Nc6 Bd1 38. Nd4+ Kd6 39. h6 Bh5
40. Kf5 Bg6+ 41. Kf6 Kc5 42. Ke5 Kc4 43. Nc6 Kc5 44. Nd4 Be4 45. Ne2 Kc4 46. Nd4
a5 47. Nc6 a4 48. Nd4 Bd3 49. Nf3 Kb3 50. Kxd5 Kxa3 51. Ne5 Bg6 52. Nc4+ Kb3 53.
Nd2+ Kc3 54. Nf3 a3 55. Ke5 a2 56. Kf6 a1=Q 57. Ne5 Kd2 0-1

[Event "Titled Tue 24th Jun Early"]
[Site "chess.com INT"]
[Date "2025.06.24"]
[Round "6"]
[White "Fiorito, Francisco"]
[Black "Terkiewicz, Bruno"]
[Result "1/2-1/2"]
[WhiteTitle "IM"]
[BlackTitle "CM"]
[WhiteElo "2433"]
[BlackElo "2183"]
[WhiteFideId "180165"]
[BlackFideId "21093245"]
[EventDate "2025.06.24"]

1. Nf3 d5 2. g3 c5 3. Bg2 Nf6 4. O-O Nc6 5. d4 a6 6. c4 dxc4 7. dxc5 Qa5 8. Nd4
Bd7 9. Nxc6 Bxc6 10. Bxc6+ bxc6 11. Qd4 e6 12. Qxc4 Qxc5 13. Qxc5 Bxc5 14. Nc3
Rb8 15. Na4 Bd4 16. Bf4 Rb4 17. e3 Rxa4 18. exd4 Rxd4 19. Rac1 Kd7 20. Be5 Rd5
21. Bc3 Rb8 22. Rfe1 Rbb5 23. Re2 c5 24. Kg2 Rg5 25. Rd1+ Nd5 26. f4 Rg6 27. f5
Rg5 28. fxe6+ fxe6 29. Be5 Kc6 30. Rf1 Rb7 31. h4 Rg6 32. b3 h5 33. Bb2 Rb4 34.
Kh3 Rbg4 35. Be5 c4 36. Rc1 Kb5 37. bxc4+ Rxc4 38. Rb2+ Kc5 39. Bd6+ Kd4 40.
Be5+ Kc5 41. Bd6+ Kd4 42. Be5+ Kc5 1/2-1/2

[Event "Titled Tue 24th Jun Early"]
[Site "chess.com INT"]
[Date "2025.06.24"]
[Round "6"]
[White "Begunov, Konstantin"]
[Black "Lohia, Sohum"]
[Result "0-1"]
[WhiteTitle "FM"]
[BlackTitle "FM"]
[WhiteElo "2325"]
[BlackElo "2364"]
[WhiteFideId "4118510"]
[BlackFideId "5819369"]
[EventDate "2025.06.24"]

1. d4 Nf6 2. c4 e6 3. Nf3 d5 4. Nc3 dxc4 5. e4 b5 6. e5 Nd5 7. Nxb5 Nb6 8. Be2
Nc6 9. Bg5 Be7 10. Bxe7 Qxe7 11. O-O O-O 12. Rc1 Rb8 13. Na3 Na5 14. Qd2 Nc6 15.
Nxc4 Bb7 16. Rfd1 Rfd8 17. Ne3 Nxd4 18. Nxd4 c5 19. Ndf5 exf5 20. Nxf5 Qf8 21.
Qg5 Kh8 22. Rd6 h6 23. Qh4 Rxd6 24. Nxd6 Bd5 25. Rxc5 Bxa2 26. Rc7 Be6 27. Rxa7
Nd5 28. Qd4 Ra8 29. g3 Rxa7 30. Qxa7 f6 31. exf6 Nxf6 32. Qd4 Qb8 33. Bf3 Qb3
34. Kg2 Qb8 35. Qe5 Qf8 36. h3 Bg8 37. b4 Nd7 38. Qd4 Qb8 39. b5 Nb6 40. Bc6 Be6
41. Qe5 Bg8 42. Qe7 Nd5 43. Nf5 Nxe7 44. Nxe7 Qd6 45. Nf5 Bd5+ 0-1

[Event "Titled Tue 24th Jun Early"]
[Site "chess.com INT"]
[Date "2025.06.24"]
[Round "6"]
[White "Li, Hui"]
[Black "Mangialardo, Tiago Carvalho"]
[Result "1-0"]
[WhiteTitle "CM"]
[WhiteElo "2041"]
[BlackElo "1979"]
[WhiteFideId "15400310"]
[BlackFideId "2130718"]
[EventDate "2025.06.24"]

1. e4 e5 2. Nf3 Nc6 3. Bb5 a6 4. Ba4 Nf6 5. O-O Nxe4 6. d4 b5 7. Bb3 d5 8. dxe5
Be6 9. Nbd2 Nxd2 10. Bxd2 Be7 11. c3 O-O 12. Be3 Re8 13. Re1 Na5 14. Nd4 c5 15.
Nxe6 fxe6 16. Bc2 Nc4 17. Qh5 g6 18. Bxg6 hxg6 19. Qxg6+ Kh8 20. Qh6+ Kg8 21.
Qxe6+ Kh7 22. Qf7+ Kh8 23. Qh5+ Kg8 24. Qg6+ Kh8 25. Qh6+ Kg8 26. b3 Nxe5 27.
Bf4 Nf7 28. Qg6+ Kf8 29. Re3 Bg5 30. Rxe8+ Kxe8 31. Re1+ Kf8 32. Bxg5 Qxg5 33.
Qxg5 Nxg5 34. Re5 Ne4 35. Rxd5 Rc8 36. c4 Nc3 37. Rd2 bxc4 38. bxc4 1-0

[Event "Titled Tue 24th Jun Early"]
[Site "chess.com INT"]
[Date "2025.06.24"]
[Round "6"]
[White "Chylewski, Patryk"]
[Black "Beniosev, Daniel"]
[Result "1-0"]
[WhiteTitle "IM"]
[BlackTitle "CM"]
[WhiteElo "2313"]
[BlackElo "1959"]
[WhiteFideId "1186191"]
[BlackFideId "11632674"]
[EventDate "2025.06.24"]

1. Nf3 c5 2. e4 e6 3. c3 d5 4. exd5 Qxd5 5. d4 Nf6 6. Na3 Qd8 7. Nc4 b6 8. Be3
cxd4 9. Qxd4 Nd5 10. O-O-O Bb7 11. Bg5 Nc6 12. Qg4 Qc7 13. Be2 h6 14. Bd2 O-O-O
15. Rhe1 Be7 16. Bf1 Bf6 17. Qg3 Qxg3 18. hxg3 b5 19. Ne3 a6 20. Ng4 Be7 21.
Nge5 Nxe5 22. Nxe5 Rhf8 23. c4 bxc4 24. Bxc4 Bd6 25. Ba5 Rde8 26. Nf3 f6 27. Kb1
Kb8 28. a3 Re7 29. Nd4 Rfe8 30. Rxe6 Rxe6 31. Nxe6 Rxe6 32. Bxd5 Bxd5 33. Rxd5
Bc7 34. Bc3 Re2 35. Rd2 Re1+ 36. Kc2 Re6 37. g4 Kc8 38. f3 g6 39. Rd5 Kb7 40. b3
Kc6 41. Rd2 Bd6 42. b4 f5 43. gxf5 gxf5 44. Kb3 Re3 45. Kc4 h5 46. a4 h4 47. b5+
axb5+ 48. axb5+ Kc7 49. Ba5+ Kd7 50. Bb4 Re6 51. b6 Kc6 52. Rxd6+ Rxd6 53. Bxd6
Kxd6 54. Kb5 Kd7 55. Ka6 1-0

[Event "Titled Tue 24th Jun Early"]
[Site "chess.com INT"]
[Date "2025.06.24"]
[Round "6"]
[White "Torres Rebolledo, Alvaro"]
[Black "Shuvalov, Evgenij"]
[Result "0-1"]
[WhiteTitle "FM"]
[WhiteElo "2318"]
[BlackElo "1986"]
[WhiteFideId "54587670"]
[BlackFideId "4187237"]
[EventDate "2025.06.24"]

1. Nf3 Nf6 2. b3 g6 3. Bb2 Bg7 4. g3 O-O 5. Bg2 d5 6. O-O c5 7. e3 Nc6 8. d4 Ne4
9. Nbd2 Bg4 10. h3 Nxd2 11. Qxd2 Bxf3 12. Bxf3 e6 13. Rfd1 Qe7 14. Rac1 Rfd8 15.
Bg2 Rac8 16. Qe2 a6 17. c4 dxc4 18. Rxc4 cxd4 19. exd4 Qd7 20. d5 Bxb2 21. Qxb2
Ne7 22. d6 Nf5 23. Rxc8 Qxc8 24. Qe5 Qc2 25. Bf3 Rd7 26. Qf4 Qc5 27. Bxb7 a5 28.
Ba6 Rxd6 29. Rxd6 Nxd6 30. Bf1 Kg7 31. h4 h6 32. Be2 e5 33. Qd2 Ne4 34. Qe3 Qxe3
35. fxe3 Nc3 36. Bc4 Nxa2 37. Kf2 f5 38. e4 fxe4 39. Ke3 Nc3 40. g4 Kf6 41. Ba6
a4 42. bxa4 Nxa4 43. Bc8 Nc5 44. Bf5 gxf5 45. g5+ hxg5 46. h5 f4+ 47. Kf2 g4 48.
Kg2 Kg5 49. Kh1 Kxh5 50. Kg1 e3 51. Kh1 e2 52. Kg1 e1=Q+ 53. Kh2 Qe2+ 54. Kh1 g3
55. Kg1 Qf2+ 56. Kh1 Qh2# 0-1

[Event "Titled Tue 24th Jun Early"]
[Site "chess.com INT"]
[Date "2025.06.24"]
[Round "6"]
[White "Baskakov, Egor"]
[Black "Souleidis, Georgios"]
[Result "1/2-1/2"]
[WhiteTitle "CM"]
[BlackTitle "IM"]
[WhiteElo "2215"]
[BlackElo "2418"]
[WhiteFideId "24197866"]
[BlackFideId "4206827"]
[EventDate "2025.06.24"]

1. e4 c5 2. Nf3 e6 3. g3 Nc6 4. Bg2 Nf6 5. Nc3 e5 6. O-O d6 7. d3 Be7 8. h3 Kf8
9. Nd5 Nxd5 10. exd5 Nb4 11. c4 Bf5 12. Ne1 h5 13. Kh2 Bg5 14. f4 exf4 15. Bxf4
h4 16. g4 Bg6 17. a3 Na6 18. Bxg5 Qxg5 19. Nf3 Qe3 20. Qb3 Rb8 21. Rae1 Qxd3 22.
Qb5 Nc7 23. Qd7 Ne8 24. Ng5 Qg3+ 25. Kh1 f6 26. Re7 Kg8 27. Ne6 Rh7 28. g5 Kh8
29. Nf8 Qxg5 30. Nxg6+ Qxg6 31. Be4 Qh5 32. Rg1 f5 33. Qxf5 Qxf5 34. Bxf5 Rh6
35. Rd7 Rf6 36. Be6 g6 37. Rg4 Ng7 38. Rxh4+ Nh5 39. Rxd6 Rbf8 40. Rxh5+ gxh5
41. Kg2 Rg6+ 42. Kh2 Rf2+ 43. Kh1 Rf1+ 44. Kh2 Rf2+ 45. Kh1 Rf1+ 46. Kh2 Rf2+ 1/2-1/2

[Event "Titled Tue 24th Jun Early"]
[Site "chess.com INT"]
[Date "2025.06.24"]
[Round "6"]
[White "Klukin, Kirill"]
[Black "Gustafsson, Jan"]
[Result "1-0"]
[WhiteTitle "IM"]
[BlackTitle "GM"]
[WhiteElo "2401"]
[BlackElo "2591"]
[WhiteFideId "24199273"]
[BlackFideId "4625498"]
[EventDate "2025.06.24"]

1. d4 d5 2. c4 c5 3. cxd5 Qxd5 4. Nf3 cxd4 5. Nc3 Qa5 6. Nxd4 Nf6 7. g3 e5 8.
Nb3 Qc7 9. Bg2 Bb4 10. O-O Bxc3 11. bxc3 O-O 12. Bg5 Nbd7 13. Qc2 Rb8 14. Rfd1
b6 15. Rd2 Bb7 16. Bxb7 Qxb7 17. Rad1 Rbc8 18. Qf5 Qe4 19. Qh3 h6 20. Be3 Rc7
21. Rxd7 Nxd7 22. Rxd7 Rxd7 23. Qxd7 Qb1+ 24. Nc1 a5 25. Qd6 b5 26. Qxe5 Rd8 27.
Kg2 a4 28. h4 a3 29. Qe7 Ra8 30. Qb4 Qxb4 31. cxb4 Rc8 32. Nb3 Rc2 33. Nd4 Rxa2
34. Nxb5 Ra1 35. Kf3 f5 36. Kf4 g6 37. h5 Kf7 38. hxg6+ Kxg6 39. Ke5 h5 40. Bd4
Re1 41. Nxa3 Rxe2+ 42. Kd5 f4 43. Nc4 fxg3 44. fxg3 Kf5 45. b5 Re7 46. Nd6+ Kg4
47. Be5 Rh7 48. b6 h4 49. gxh4 Kxh4 50. Kc6 Kg4 51. Bf6 Kf4 52. Bd8 1-0

[Event "Titled Tue 24th Jun Early"]
[Site "chess.com INT"]
[Date "2025.06.24"]
[Round "6"]
[White "Winkels, Marcel"]
[Black "Murthy, Pappu"]
[Result "0-1"]
[WhiteTitle "CM"]
[WhiteElo "1905"]
[BlackElo "1838"]
[WhiteFideId "1003887"]
[BlackFideId "2013401"]
[EventDate "2025.06.24"]

1. e4 e6 2. d4 d5 3. Nc3 Bb4 4. exd5 exd5 5. Bd3 Nc6 6. a3 Bxc3+ 7. bxc3 Nge7 8.
Ne2 Bf5 9. Ng3 Bg6 10. O-O O-O 11. f4 f5 12. Re1 Nc8 13. a4 Nd6 14. Ba3 Qd7 15.
Qd2 Rfe8 16. Rab1 Rxe1+ 17. Rxe1 Ne4 18. Nxe4 fxe4 19. Bf1 Ne7 20. c4 c6 21.
cxd5 cxd5 22. c4 Nf5 23. Qb4 Kh8 24. a5 dxc4 25. Rxe4 Ng3 26. Qe7 Qd5 27. Bxc4
Qxc4 28. hxg3 Bxe4 29. Qxe4 Rd8 30. Qxb7 Qxd4+ 31. Kh2 h6 32. Bb2 Qd7 33. Qe4
Re8 34. Qg6 Re6 35. Qf5 Qe7 36. Qg4 Kh7 37. Bxg7 Rg6 38. Bf6 Qxf6 39. Qd7+ Qg7
40. Qd3 h5 41. f5 Rf6 42. Qf3 Qg5 43. g4 hxg4 44. Qb7+ Kh6 45. Qc8 g3+ 46. Kg1
Qxf5 0-1

[Event "Titled Tue 24th Jun Early"]
[Site "chess.com INT"]
[Date "2025.06.24"]
[Round "6"]
[White "Miranda Camus, Joaquin Ignacio"]
[Black "Fomevor, Cephas Clinton"]
[Result "1-0"]
[WhiteTitle "FM"]
[BlackTitle "CM"]
[WhiteElo "2196"]
[BlackElo "1883"]
[WhiteFideId "3449300"]
[BlackFideId "12601330"]
[EventDate "2025.06.24"]

1. e4 c5 2. Nf3 Nc6 3. d4 cxd4 4. Nxd4 Nf6 5. Nc3 e5 6. Ndb5 d6 7. Bg5 a6 8. Na3
b5 9. Nd5 Be7 10. Bxf6 Bxf6 11. c4 b4 12. Nc2 O-O 13. Ncxb4 Nxb4 14. Nxb4 Qb6
15. Nd5 Qxb2 16. Rb1 Qxa2 17. Nxf6+ gxf6 18. Bd3 Qa5+ 19. Qd2 Qxd2+ 20. Kxd2 Be6
21. Rb6 Rfc8 22. Kc3 d5 23. exd5 Bxd5 24. Ra1 a5 25. Rb5 Bc6 26. Rbxa5 Rxa5 27.
Rxa5 Bxg2 28. c5 e4 29. Ba6 Rc7 30. Kd4 Kg7 31. Ra3 Rd7+ 32. Ke3 Rc7 33. Rc3 f5
34. c6 Kf6 35. Bb7 Ke5 36. Rc5+ Ke6 37. Kf4 Bh3 38. Rc3 Bf1 39. Rc5 Bh3 40. Rc1
Bg4 41. Rc3 f6 42. h3 Be2 43. Rc5 Bd3 44. h4 h6 45. Rc1 h5 46. Rg1 Bb5 47. Rc1
Ba4 48. Rc5 Bb3 49. Rxf5 Bc2 50. Rxh5 Bd3 51. Rh8 Kd6 52. h5 Bb5 53. Rf8 1-0

[Event "Titled Tue 24th Jun Early"]
[Site "chess.com INT"]
[Date "2025.06.24"]
[Round "6"]
[White "Rees, Ioan"]
[Black "Sitnic, Adnan"]
[Result "1-0"]
[WhiteTitle "FM"]
[BlackTitle "CM"]
[WhiteElo "2280"]
[BlackElo "2058"]
[WhiteFideId "1801236"]
[BlackFideId "14403854"]
[EventDate "2025.06.24"]

1. Nf3 Nf6 2. g3 b5 3. Bg2 Bb7 4. O-O g6 5. d3 Bg7 6. c4 bxc4 7. dxc4 O-O 8. Nc3
d6 9. Bg5 Nbd7 10. Rc1 Rb8 11. b3 Ne4 12. Nxe4 Bxe4 13. Qd2 Re8 14. Rfd1 Qc8 15.
Bh3 e6 16. Nd4 Ba8 17. Bg2 Bxg2 18. Kxg2 Qb7+ 19. f3 Nc5 20. h4 e5 21. Nb5 e4
22. h5 exf3+ 23. exf3 Ne6 24. Bh6 Bh8 25. hxg6 hxg6 26. Re1 a6 27. Nc3 Nd4 28.
Ne4 Nxf3 29. Kxf3 f5 30. Qd5+ Qxd5 31. cxd5 fxe4+ 32. Rxe4 Rxe4 33. Kxe4 Rb4+
34. Kf3 Rb5 35. Rxc7 Rxd5 36. Ra7 Ra5 37. a4 g5 38. Kg4 Bd4 39. Rd7 Bf6 40. Rxd6
Kf7 41. Rb6 Kg6 42. Bf8 Kf7 43. Bb4 Rd5 44. Rb7+ Kg6 45. Rb6 Rd4+ 46. Kf3 g4+
47. Ke2 Re4+ 48. Kd3 Kf5 49. Bd6 Rd4+ 50. Kc2 Rd5 51. Bf4 a5 52. Rb5 Ke4 53.
Rxd5 Kxd5 54. Bc7 Ke4 55. Bxa5 Be5 56. Be1 Kf3 57. a5 Bxg3 58. Bxg3 Kxg3 59. a6
Kh2 60. a7 g3 61. a8=Q g2 62. Qh8+ Kg3 63. Qg8+ Kf2 64. b4 g1=Q 65. Qxg1+ Kxg1
66. b5 1-0

[Event "Titled Tue 24th Jun Early"]
[Site "chess.com INT"]
[Date "2025.06.24"]
[Round "6"]
[White "Zeliantsova, Kseniya"]
[Black "Nicot, Valentin"]
[Result "1-0"]
[WhiteTitle "WFM"]
[BlackTitle "CM"]
[WhiteElo "2062"]
[BlackElo "2206"]
[WhiteFideId "13512617"]
[BlackFideId "651002477"]
[EventDate "2025.06.24"]

1. e4 g6 2. d4 Bg7 3. Nf3 d6 4. Bd3 a6 5. c3 Nf6 6. O-O O-O 7. Re1 Bg4 8. Nbd2
Nbd7 9. h3 Bxf3 10. Nxf3 e5 11. Be3 Re8 12. Qc2 Nh5 13. Rad1 Qe7 14. Qb3 b5 15.
a4 Rab8 16. axb5 axb5 17. Ra1 Nf4 18. Bf1 Ne6 19. Ra7 b4 20. Qc2 bxc3 21. bxc3
exd4 22. cxd4 Ra8 23. Rea1 Rxa7 24. Rxa7 Nf6 25. d5 Nc5 26. Bxc5 dxc5 27. Bb5
Qxe4 28. Qxc5 Rf8 29. Bc6 Qb1+ 30. Kh2 Ne4 31. Qe3 f5 32. Rxc7 f4 33. Qa7 Qb2
34. Rb7 Qf6 35. Re7 Nc3 36. Re6 Qf7 37. Qxf7+ Kxf7 38. Ng5+ Kg8 39. d6 h6 40.
Nf3 Rd8 41. d7 Kh7 42. Re8 Bf6 43. Ne5 Kg7 44. Nd3 Nd1 45. Nc5 Nxf2 46. Nb7 1-0

[Event "Titled Tue 24th Jun Early"]
[Site "chess.com INT"]
[Date "2025.06.24"]
[Round "6"]
[White "Li, Yilin"]
[Black "Veiga, Jose Francisco R P Neves"]
[Result "0-1"]
[WhiteTitle "WFM"]
[BlackTitle "IM"]
[WhiteElo "1922"]
[BlackElo "2390"]
[WhiteFideId "8610410"]
[BlackFideId "1930087"]
[EventDate "2025.06.24"]

1. e4 c5 2. Nf3 d6 3. c3 Nf6 4. d3 Nc6 5. Be2 Bg4 6. O-O g6 7. h3 Bxf3 8. Bxf3
Bg7 9. d4 O-O 10. dxc5 dxc5 11. Qc2 Qc7 12. g3 Rfd8 13. Bf4 e5 14. Be3 b6 15.
Bg2 Rd7 16. Na3 Rad8 17. Rad1 Ne8 18. Nb5 Qb8 19. a4 Nd6 20. Nxd6 Rxd6 21. f4
exf4 22. gxf4 Na5 23. e5 Rxd1 24. Rxd1 Nc4 25. Bc1 Qc7 26. Bd5 Na5 27. Qd2 Nc6
28. Qg2 Ne7 29. Be3 Nf5 30. Bf2 Bh6 31. Qe4 Qe7 32. c4 Nh4 33. Kh2 Kh8 34. e6 f5
35. Qd3 Bg7 36. b3 Qc7 37. Bxh4 Qxf4+ 38. Bg3 Qh6 39. Qd2 g5 40. Qe2 f4 41. Be1
Qf6 42. Rd3 Qf5 43. Bc3 f3 0-1

[Event "Titled Tue 24th Jun Early"]
[Site "chess.com INT"]
[Date "2025.06.24"]
[Round "6"]
[White "Ejsymont, Blanka"]
[Black "Mostertman, Milan"]
[Result "0-1"]
[WhiteTitle "WCM"]
[BlackTitle "FM"]
[WhiteElo "1984"]
[BlackElo "2231"]
[WhiteFideId "21088268"]
[BlackFideId "1025848"]
[EventDate "2025.06.24"]

1. f4 b6 2. Nf3 g6 3. g3 Bb7 4. Bg2 Bg7 5. O-O d6 6. d3 c5 7. e4 e6 8. Nc3 Ne7
9. Be3 f5 10. Ng5 Qd7 11. exf5 Nxf5 12. Bxb7 Nxe3 13. Qe2 Qxb7 14. Nxe6 Bd4 15.
Nb5 Nxf1+ 16. Nexd4+ Kd8 17. Nxd6 Qd5 18. Ne6+ Kd7 19. Nf7 Qxe6 20. Qxe6+ Kxe6
21. Nxh8 Nc6 22. Re1+ Kf6 23. Kxf1 Rxh8 24. c3 Rd8 25. Re3 Ne7 26. Kf2 Nf5 27.
Rf3 h5 28. h3 b5 29. g4 Nh4 30. Re3 hxg4 31. hxg4 g5 32. f5 Rd6 33. Kg3 b4 34.
cxb4 cxb4 35. b3 Rd4 36. Re6+ Kf7 37. Re3 a5 38. Kh3 Rf4 39. Kg3 Kg7 40. Re7+
Kf6 41. Re6+ Kf7 42. Ra6 Rf3+ 43. Kh2 Rf2+ 44. Kh1 Nf3 45. Ra7+ Kf6 46. Ra6+ Ke5
47. Rh6 Kf4 48. d4 Kg3 49. Rh3+ Kxh3 50. d5 Rh2# 0-1

[Event "Titled Tue 24th Jun Early"]
[Site "chess.com INT"]
[Date "2025.06.24"]
[Round "6"]
[White "Kozak, Adam"]
[Black "Ben Ari, Yannay"]
[Result "0-1"]
[WhiteTitle "GM"]
[BlackTitle "IM"]
[WhiteElo "2587"]
[BlackElo "2450"]
[WhiteFideId "753246"]
[BlackFideId "2815222"]
[EventDate "2025.06.24"]

1. b3 d5 2. Bb2 Bg4 3. Nf3 Nd7 4. e3 Ngf6 5. h3 Bh5 6. d3 c6 7. g4 Bg6 8. Nh4 e5
9. Bg2 Bb4+ 10. Nd2 Qe7 11. a3 Bd6 12. Qe2 a5 13. Nf1 e4 14. d4 a4 15. Ng3 Bxg3
16. fxg3 O-O 17. O-O Ne8 18. Bc3 Nd6 19. Bb4 b6 20. c4 c5 21. dxc5 bxc5 22. Bc3
axb3 23. cxd5 Nb6 24. Rad1 Na4 25. Ba1 Rfb8 26. Bb2 c4 27. Rc1 Rc8 28. Qd2 Nb5
29. Nf5 Bxf5 30. gxf5 c3 31. Bxc3 Naxc3 32. f6 gxf6 33. a4 Rxa4 34. Qb2 Ra2 35.
Qxb3 Qe5 36. Kh2 Rca8 37. Rf4 h5 38. Rcf1 Qxd5 39. Qb4 Qd2 40. Rg1 Qxe3 41. Qc4
Ne2 42. Rgf1 Qxg3+ 43. Kh1 Nxf4 44. Qxe4 Rxg2 45. Qxa8+ Kg7 46. Rf2 Rg1# 0-1

[Event "Titled Tue 24th Jun Early"]
[Site "chess.com INT"]
[Date "2025.06.24"]
[Round "6"]
[White "Storn, Justin"]
[Black "Dragnev, Valentin"]
[Result "1-0"]
[BlackTitle "GM"]
[WhiteElo "2073"]
[BlackElo "2547"]
[WhiteFideId "30922720"]
[BlackFideId "1634852"]
[EventDate "2025.06.24"]

1. c4 c5 2. g3 g6 3. Bg2 Bg7 4. Nf3 Nc6 5. Nc3 d6 6. O-O Nf6 7. d3 h5 8. a3 Bf5
9. Rb1 Qd7 10. h4 Bh3 11. b4 Bxg2 12. Kxg2 O-O 13. b5 Nd4 14. e3 Nf5 15. Bb2 Ng4
16. Qd2 e6 17. Ne4 d5 18. Nxc5 Qc7 19. Bxg7 Kxg7 20. Qc3+ Kg8 21. d4 dxc4 22. e4
Nd6 23. e5 Nf5 24. Rfc1 Rac8 25. Ne4 Rfd8 26. Rb4 Qb6 27. Rd1 Rd5 28. a4 Qd8 29.
Kg1 Qa5 30. Rxc4 Qxc3 31. Rxc3 Rcd8 32. Rc7 Nxd4 33. Nxd4 Rxd4 34. Rxd4 Rxd4 35.
Ng5 Nxe5 36. a5 Rd7 37. Rc8+ Kg7 38. Ra8 b6 39. a6 Rd5 40. Rxa7 Rxb5 41. Nxe6+
Kf6 42. Nc7 Ra5 43. Rb7 Nc4 44. a7 1-0

[Event "Titled Tue 24th Jun Early"]
[Site "chess.com INT"]
[Date "2025.06.24"]
[Round "6"]
[White "Nakara Husain"]
[Black "Carnicelli, Valerio"]
[Result "0-1"]
[BlackTitle "FM"]
[WhiteElo "1713"]
[BlackElo "2396"]
[WhiteFideId "25636111"]
[BlackFideId "856185"]
[EventDate "2025.06.24"]

1. e4 d6 2. Nf3 Nf6 3. Nc3 e5 4. h3 Nc6 5. Bc4 Be7 6. O-O O-O 7. d3 Na5 8. Bb3
c6 9. Bg5 h6 10. Bh4 g5 11. Bg3 Kg7 12. d4 Nxb3 13. axb3 Nh5 14. dxe5 Nxg3 15.
fxg3 dxe5 16. Nxe5 Qxd1 17. Raxd1 Bf6 18. Nd3 Re8 19. e5 Be7 20. Ne4 Be6 21. Nf6
Red8 22. g4 a5 23. Ne4 Rd5 24. Nf6 Rd4 25. Nf2 Rad8 26. Rxd4 Rxd4 27. N2e4 b5
28. Ne8+ Kg6 29. N8d6 Bd5 30. Nf6 Be6 31. Nfe4 Rd5 32. Nf5 Bd8 33. Ned6 Rxe5 34.
Kf2 Bb6+ 35. Kf3 Bd5+ 36. Kg3 Bc7 37. h4 Rxf5 38. h5+ Kg7 39. gxf5 Bxd6+ 40. Kg4
Bxg2 41. Rd1 Be5 42. Rd7 Bxb2 43. Ra7 Bc3 44. Rc7 Bd5 0-1

[Event "Titled Tue 24th Jun Early"]
[Site "chess.com INT"]
[Date "2025.06.24"]
[Round "6"]
[White "Ambartsumova, Karina"]
[Black "Donoso Aguirre, Maximiliano"]
[Result "0-1"]
[WhiteTitle "IM"]
[BlackTitle "CM"]
[WhiteElo "2403"]
[BlackElo "2050"]
[WhiteFideId "4166299"]
[BlackFideId "3458920"]
[EventDate "2025.06.24"]

1. Nf3 d5 2. c4 e6 3. e3 Nf6 4. Nc3 Nbd7 5. b3 c5 6. cxd5 exd5 7. Bb2 Be7 8. d4
O-O 9. Be2 b6 10. O-O Bb7 11. Rc1 Rc8 12. Qc2 Re8 13. h3 h6 14. Rfd1 Bf8 15.
dxc5 bxc5 16. Bb5 Qe7 17. Qf5 g6 18. Qf4 Bg7 19. Na4 Ne4 20. Bxg7 Kxg7 21. Bxd7
Qxd7 22. Ne5 Qe6 23. Nd3 c4 24. Ne1 Bc6 25. Nc3 g5 26. Qg4 Qxg4 27. hxg4 Nxc3
28. Rxc3 cxb3 29. axb3 Bd7 30. Rdc1 Bxg4 31. Nd3 Rxc3 32. Rxc3 Rb8 33. f3 Be6
34. Nc5 Rb6 35. Kf2 Kf6 36. Ke2 h5 37. Kd3 h4 38. Kd4 Rb4+ 39. Kd3 g4 40. Ke2 h3
41. gxh3 gxh3 42. Kf2 h2 43. Kg2 Rh4 44. Kh1 Rh3 45. f4 d4 46. Rc2 Bd5+ 47. e4
d3 48. Rd2 Ba8 49. b4 Ke7 50. f5 Kf6 51. b5 Ke5 52. b6 axb6 53. Rxd3 Bxe4+ 54.
Nxe4 Rxd3 0-1

[Event "Titled Tue 24th Jun Early"]
[Site "chess.com INT"]
[Date "2025.06.24"]
[Round "6"]
[White "Reshetnikov, Alexey"]
[Black "Kramnik, Vladimir"]
[Result "0-1"]
[WhiteTitle "IM"]
[BlackTitle "GM"]
[WhiteElo "2492"]
[BlackElo "2753"]
[WhiteFideId "4162080"]
[BlackFideId "4101588"]
[EventDate "2025.06.24"]

1. d4 Nf6 2. c4 e6 3. Nc3 Bb4 4. e3 O-O 5. Bd2 d5 6. Nf3 b6 7. cxd5 exd5 8. Bd3
Re8 9. O-O Bg4 10. h3 Bh5 11. Rc1 c5 12. dxc5 bxc5 13. Be2 Nc6 14. Na4 Bxd2 15.
Qxd2 Ne4 16. Qd1 c4 17. b3 Qa5 18. bxc4 Rad8 19. c5 Bxf3 20. Bxf3 d4 21. Bxe4
Rxe4 22. Qb3 dxe3 23. Nc3 Rb4 24. Qc2 Qxc5 25. fxe3 Qxe3+ 26. Qf2 Qxf2+ 27. Rxf2
Rbd4 28. Kh2 Rc4 29. Rf3 g6 30. Re1 Kg7 31. Re4 Rdd4 32. Rxd4 Rxd4 33. Nb5 Rd5
34. Rc3 Rxb5 35. Rxc6 Ra5 36. Rc2 h5 37. h4 Ra3 38. g3 a5 39. Kh3 Kf6 40. Rf2+
Ke6 41. Rd2 a4 42. Rf2 f6 43. Kh2 Ke5 44. Kh3 g5 45. hxg5 fxg5 46. Kg2 g4 47.
Rb2 Kd4 48. Kh2 Kc4 49. Re2 Rd3 50. Re4+ Rd4 51. Re2 Kc3 52. Re5 Rd2+ 53. Kg1
Rxa2 54. Rxh5 Rd2 55. Rc5+ Kb4 56. Rg5 a3 57. Rxg4+ Kc5 58. Ra4 a2 59. g4 0-1

[Event "Titled Tue 24th Jun Early"]
[Site "chess.com INT"]
[Date "2025.06.24"]
[Round "6"]
[White "Devaev, Alexander"]
[Black "Anupam, M Sreekumar"]
[Result "0-1"]
[WhiteTitle "FM"]
[BlackTitle "WCM"]
[WhiteElo "2306"]
[BlackElo "1943"]
[WhiteFideId "4169395"]
[BlackFideId "45033501"]
[EventDate "2025.06.24"]

1. d4 d5 2. c4 e6 3. Nc3 Nf6 4. Bg5 Be7 5. e3 h6 6. Bxf6 Bxf6 7. cxd5 exd5 8.
Nf3 O-O 9. h3 b6 10. Qb3 Bb7 11. Rd1 Nd7 12. Nxd5 Re8 13. Be2 Nf8 14. Nxf6+ Qxf6
15. O-O Ne6 16. Rd2 Red8 17. Rfd1 Bd5 18. Qc3 Ng5 19. Nxg5 Qxg5 20. Bf1 Rac8 21.
b4 Be4 22. a4 Rd6 23. f4 Qg3 24. d5 Rg6 25. d6 Qxh3 26. dxc7 Qg3 27. Qd4 Bb7 28.
Qd8+ Kh7 29. Qd6 Qxe3+ 30. Rf2 Bxg2 31. Bxg2 Rxd6 32. Rxd6 Qc1+ 33. Rf1 Qxc7 34.
Be4+ g6 35. Rfd1 Qc3 36. f5 Qe3+ 37. Kf1 Qxe4 38. fxg6+ fxg6 39. Rd7+ Kg8 40.
R7d4 Qf3+ 41. Kg1 Rf8 42. R4d2 Qg3+ 43. Kh1 Qh3+ 44. Rh2 Qg4 45. Rg2 Qxd1+ 46.
Kh2 Qh5+ 0-1